000 00794nam a22002057a 4500
999 _c18936
_d18936
003 AR-CdUCM
008 190515b ||||| |||| 00| 0 spa d
040 _aMUNICIPALIDAD PROVINCIAL DEL CUSCO
_cBIBLIOTECA MUNICIPAL DEL CUSCO
082 _a985.612 /
_bA58
100 _aAngles Vargas, Víctor
_94559
245 _aP'isaq metrópoli inka /
260 _aLima :
_bIndustrial gráfica,
_c1970.
300 _a168 páginas ;
_c24 cm.
_bIlustraciones,
505 _aContenidos : Descripción de la zona arqueológica de P'isaq -- Grupos arquitectónicos de la zona arqueológica de P'isaq -- Otros grupos de andenes del sector sur pukaras o torreones ...
650 _aArqueología
_9371
650 _aP'isaq
_939866
650 _aCusco
_9772
942 _2ddc
_cLIBROS
945 _arah
_d2019/05/15